[Event "North American-ch U14"]
[Site "Montreal"]
[Date "2010.08.17"]
[Round "4"]
[White "Yu, Benoit"]
[Black "Manailoiu, Dragos"]
[Result "0-1"]
[WhiteElo "698"]
[BlackElo "1309"]
[PlyCount "106"]
[EventDate "2010.08.16"]
[EventType "swiss"]
[EventRounds "7"]
[EventCountry "CAN"]
[SourceTitle "EXT 2013"]
[Source "ChessBase"]
[SourceDate "2012.11.22"]
[SourceVersion "1"]
[SourceVersionDate "2012.11.22"]
[SourceQuality "1"]

1. Nf3 c5 2. g3 b6 3. Bg2 Bb7 4. Nc3 Nf6 5. d3 e6 6. Bf4 Be7 7. Nb5 d6 8. d4 a6 9. Nc3 cxd4 10. Qxd4 e5 11. Bxe5 dxe5 12. Qxd8+ Bxd8 13. Nxe5 Bxg2 14. Rg1 Bb7 15. 0-0-0 Bc7 16. Nf3 0-0 17. g4 Bxf3 18. exf3 Bxh2 19. Rge1 Bf4+ 20. Kb1 Nbd7 21. Nd5 Nxd5 22. Rxd5 Nf6 23. Rf5 g5 24. Rd1 Rad8 25. Re1 Rfe8 26. Rg1 Re6 27. b3 Rd5 28. c4 Rxf5 29. gxf5 Re2 30. Rd1 Rxf2 31. Rd3 Rd2 32. Rc3 Rb2+ 33. Kxb2 Be5 34. Kc2 Bxc3 35. Kxc3 h5 36. Kd2 Ne8 37. Ke2 Nd6 38. Ke3 Nxf5+ 39. Ke4 Nd6+ 40. Ke5 h4 41. Kxd6 h3 42. Kc6 h2 43. Kxb6 h1Q 44. Kxa6 Qxf3 45. Kb5 g4 46. c5 g3 47. c6 g2 48. c7 Qc3 49. Kb6 g1Q+ 50. Kb7 Qh1+ 51. Kc8 Qhc6 52. Kd8 Qxc7+ 53. Ke8 Qe1# 0-1